003780000a220010900045001000018000002450046000183000043000647730046001079420008001539520090001619990017002511 aTallach, John10aPlacing reason on the stool of wonderment aVol. 8, Num. 1 (1990), Páginas 43-540 tScottish Bulletin of Evangelical Theology cANA 001040708HEMaFUSBCbFUSBCd2016-01-26l0o r2016-01-26 00:00:00w2016-01-26yANA c55677d55677